000 00518nam a2200169Ia 4500
003 IN-BaIIA
008 211028s9999 xx 000 0 eng d
040 _cIIA Library
080 _a058(54)
_bSAC-84
245 0 _aCompetition success review yearbook 1984
_cedited by S. K. Sachdeva
260 _aNew Delhi
_bCompetition Review
_c1984
300 _a912p.
650 _aNASA Thesaurus
650 _aYear Book-India
_913327
700 _aSachdeva, S. K. ed
_913328
942 _cBK
999 _c7906
_d7906